header

Lightweight alloys for aerospace application : (Record no. 126964)

MARC details
000 -LEADER
fixed length control field 02437nam a2200445 i 4500
001 - CONTROL NUMBER
control field ebr10768994
003 - CONTROL NUMBER IDENTIFIER
control field CaPaEBR
006 - FIXED-LENGTH DATA ELEMENTS--ADDITIONAL MATERIAL CHARACTERISTICS--GENERAL INFORMATION
fixed length control field m o d
007 - PHYSICAL DESCRIPTION FIXED FIELD--GENERAL INFORMATION
fixed length control field cr cn|||||||||
008 - FIXED-LENGTH DATA ELEMENTS--GENERAL INFORMATION
fixed length control field 020614t20012001paua ob 101 0 eng|d
020 ## - INTERNATIONAL STANDARD BOOK NUMBER
Cancelled/invalid ISBN 0873394917
Cancelled/invalid ISBN 9780873394918
International Standard Book Number 9781118788042 (e-book)
040 ## - CATALOGING SOURCE
Original cataloging agency CaPaEBR
Language of cataloging eng
Description conventions rda
-- pn
Transcribing agency CaPaEBR
035 ## - SYSTEM CONTROL NUMBER
System control number (OCoLC)861536842
050 14 - LIBRARY OF CONGRESS CALL NUMBER
Classification number TA484
Item number .L544 2001eb
082 04 - DEWEY DECIMAL CLASSIFICATION NUMBER
Classification number 620.1/6/024629134
245 00 - TITLE STATEMENT
Title Lightweight alloys for aerospace application :
Remainder of title proceedings of symposium sponsored by the Non-Ferrous Metals Committee of the Structural Materials Division (SMD) of TMS (The Minerals, Metals & Materials Society), held at the TMS Annual Meeting in New Orleans, LA, USA, February 12-14, 2001 /
Statement of responsibility, etc edited by Kumar Jata [and three others].
264 #1 - PRODUCTION, PUBLICATION, DISTRIBUTION, MANUFACTURE, AND COPYRIGHT NOTICE
Place of production, publication, distribution, manufacture Warrendale, Pennsylvania :
Name of producer, publisher, distributor, manufacturer TMS,
Date of production, publication, distribution, manufacture, or copyright notice [2001]
Date of production, publication, distribution, manufacture, or copyright notice �2001
300 ## - PHYSICAL DESCRIPTION
Extent 1 online resource (324 pages) :
Other physical details illustrations
336 ## - CONTENT TYPE
Content type term text
Source rdacontent
337 ## - MEDIA TYPE
Media type term computer
Source rdamedia
338 ## - CARRIER TYPE
Carrier type term online resource
Source rdacarrier
504 ## - BIBLIOGRAPHY, ETC. NOTE
Bibliography, etc Includes bibliographical references and indexes.
588 ## - SOURCE OF DESCRIPTION NOTE
Source of description note Description based on print version record.
590 ## - LOCAL NOTE (RLIN)
Local note Electronic reproduction. Palo Alto, Calif. : ebrary, 2013. Available via World Wide Web. Access may be limited to ebrary affiliated libraries.
650 #0 - SUBJECT ADDED ENTRY--TOPICAL TERM
Topical term or geographic name as entry element Light metal alloys
Form subdivision Congresses.
Topical term or geographic name as entry element Aluminum alloys
Form subdivision Congresses.
Topical term or geographic name as entry element Aeronautics
General subdivision Materials
Form subdivision Congresses.
Topical term or geographic name as entry element Titanium alloys
Form subdivision Congresses.
Topical term or geographic name as entry element Metallic composites
Form subdivision Congresses.
655 #0 - INDEX TERM--GENRE/FORM
Genre/form data or focus term Electronic books.
700 1# - ADDED ENTRY--PERSONAL NAME
Personal name Jata, K. V.
710 2# - ADDED ENTRY--CORPORATE NAME
Corporate name or jurisdiction name as entry element Minerals, Metals and Materials Society.
Subordinate unit Non-ferrous Metals Committee.
Corporate name or jurisdiction name as entry element Minerals, Metals and Materials Society.
Subordinate unit Annual Meeting
Date of meeting or treaty signing (2001 :
Location of meeting New Orleans, La.)
776 08 - ADDITIONAL PHYSICAL FORM ENTRY
Display text Print version:
Title Lightweight alloys for aerospace application : proceedings of symposium sponsored by the Non-Ferrous Metals Committee of the Structural Materials Division (SMD) of TMS (The Minerals, Metals & Materials Society), held at the TMS Annual Meeting in New Orleans, LA, USA, February 12-14, 2001.
Place, publisher, and date of publication Warrendale, Pennsylvania : TMS, [2001]
Physical description ix, 312 pages ; 28 cm.
International Standard Book Number 9780873394918
Record control number (OCoLC)ocm51783669
-- (DLC) 2002108586
797 2# - LOCAL ADDED ENTRY--CORPORATE NAME (RLIN)
Corporate name or jurisdiction name as entry element ebrary.
856 40 - ELECTRONIC LOCATION AND ACCESS
Uniform Resource Identifier <a href="http://site.ebrary.com/lib/rucke/Doc?id=10768994">http://site.ebrary.com/lib/rucke/Doc?id=10768994</a>
Public note An electronic book accessible through the World Wide Web; click to view

No items available.

© 2026 Rongo University
Contact us: librarian | system librarian | Rongo university